| 000 | 00334 a2200133 4500 | ||
|---|---|---|---|
| 003 | Nust | ||
| 005 | 20170207161943.0 | ||
| 040 | _cNust | ||
| 082 | _a799 | ||
| 245 | _aOpening Adress Yo'46 (Soft Copy) | ||
| 260 |
_aRawalpindi _bMCS _c04-07-2013 |
||
| 650 | _aOpening Adress Yo'46Photographs 2013 (CD-No-23,Vol-III) | ||
| 651 | _aSweet Memories- MCS | ||
| 942 | _cBK | ||
| 999 |
_c204959 _d204959 |
||